01821nam a2200349 a 450000100100000000500170001000800410002702000240006802000240009202000240011604000250014008200110016510000290017624501690020526000400037430000330041449000260044750000650047350501500053859000260068870000240071470000340073870000330077271000570080583000330086295201140089595201080100995201140111795201080123195201150133999900170145400004709020201002053340.0180417s2015 dr abc 000 0 spa d a9789945192438 (v.1) a9789945194890 (v.2) a9789945192827 (v.3) aDO-SdBNPbspacBNPHU axxbxx1 aCapellán, Fanny92925010aCiencias sociales 4 :beducación primaria /ctexto Fanny Capellán, Eris Castro ; ilustración Ruddy Núñez... [et.al]; dirección editorial Claudia Llibre. aSanto Domingo :bSantillana,c2015. av. :bil. ;c29 cm.+eCD-ROM1 aProyecto todos juntos aActualización según el nuevo diseño curricular oficial0 av.1 :tLibro de texto--gv. 2 :tGuía de recursos didácticos : segundo ciclo educación primaria --gv. 3 :tCuaderno fichas de actividades. aInventariado, 2018/VM1 aCastro, Eric9647371 aNúñez, Ruddyeils.9231711 aLlibre, Claudiaedir.9304622 aEditorial Santillana (República Dominicana)97490200aProyecto todos juntos930856 0010718PDaGRbGRcHDd2018-04-16iLF1l0ov. 1, e. 3p47090-30r2020-06-25w2020-06-25yLFPDZNo se presta 0010718PDaPDbPDcHDd2018-04-16iLF1l0ov. 1p47090-10r2020-06-25w2020-06-25yLFPDZNo se presta 0010718PDaPDbPDcHDd2018-04-16iLF1l0ov. 1, e. 2p47090-20r2020-06-25w2020-06-25yLFPDZNo se presta 0010718PDaPDbPDcHDd2018-11-28iLF1l0ov. 3p47090-40r2020-06-25w2020-06-25yLFPDZNo se presta 0010718PDaPDbPDcHDd2018-11-28iLF1l0ov. 3 , e. 2p47090-50r2020-06-25w2020-06-25yLFPDZNo se presta c46578d46578